Central Library OPAC University of Rajshahi

বাংলাদেশের সাম্প্রতিক উপন্যাস : (Record no. 80606)

MARC details
000 -LEADER
fixed length control field 01554nam a2200253 a 4500
001 - CONTROL NUMBER
RUCL Control Number 80606
003 - CONTROL NUMBER IDENTIFIER
rucl marc code BD-RjUL
005 - DATE AND TIME OF LATEST TRANSACTION
control field 20230116120328.0
008 - FIXED-LENGTH DATA ELEMENTS--GENERAL INFORMATION
fixed length control field 221024s1993 bg ||||| m||| 00| 0 ben d
035 ## - SYSTEM CONTROL NUMBER
system control number (BD-RjUL)80606
040 ## - CATALOGING SOURCE
Original cataloging agency BD-RjUL
Language of cataloging ben / eng
Transcribing agency BD-RjUL
Modifying agency BD-RjUL
041 ## - LANGUAGE CODE
Language code of Book ben
082 ## - DEWEY DECIMAL CLASSIFICATION NUMBER
Classification number 891.44309
Author mark and Year SUB 1993
DDC Edition number 23
100 ## - MAIN ENTRY--PERSONAL NAME
Personal name সুলতানা, ফরিদা
9 (RLIN) 5443
245 01 - TITLE STATEMENT
Title বাংলাদেশের সাম্প্রতিক উপন্যাস :
Remainder of title জীবনচেতনা [১৯৪৭-১৯৮৭] /
Statement of responsibility, etc ফরিদা সুলতানা ;
Name of Supervisor/Co-Supervisor তত্ত্বাবধায়ক : মুহাম্মদ মজিরউদ্দীন মিয়া
260 ## - PUBLICATION, DISTRIBUTION, ETC. (IMPRINT)
Place of publication, distribution, etc রাজশাহী :
Name of publisher, distributor, etc বাংলা বিভাগ, রাজশাহী বিশ্ববিদ্যালয়,
Date of publication, distribution, etc ১৯৯৩
300 ## - PHYSICAL DESCRIPTION
Pagination [চ], ২৮০ পাতা ;
Dimensions ২৯ সেমি.
502 ## - DISSERTATION NOTE
Dissertation note থিসিস (পিইচ. ডি.) -- বাংলা বিভাগ, রাজশাহী বিশ্ববিদ্যালয়, ১৯৯৩
504 ## - BIBLIOGRAPHY, ETC. NOTE
Bibliography, etc সহায়ক বাংলা গ্রন্থ : ২৫৪-২৬৩
650 ## - SUBJECT ADDED ENTRY--TOPICAL TERM
Topical term or geographic name as entry element বাংলা উপন্যাস
Form subdivision ইতিহাস ও সমালোচনা
General subdivision ১৯৪৭-১৯৮৭
9 (RLIN) 5444
651 ## - SUBJECT ADDED ENTRY--GEOGRAPHIC NAME
Source of heading or term Bengali Fiction
Geographic name History and Criticism
Form subdivision 1947-1987
9 (RLIN) 5445
700 ## - ADDED ENTRY--SUPERVISOR/CO-SUPERVISOR NAME
Personal name মিয়া, মুহাম্মদ মজিরউদ্দীন, তত্ত্বাবধায়ক
9 (RLIN) 5446
942 ## - ADDED ENTRY ELEMENTS (KOHA)
Source of classification or shelving scheme Dewey Decimal Classification
Koha item type Theses
Holdings
Source of classification or shelving scheme Damaged status Not for loan Collection code Permanent Location Current Location Shelving location Date of accession Source of acquisition Total Checkouts Full call number Barcode Date last seen Copy number Thesis
Dewey Decimal Classification   Not For Loan Theses Central Library, University of Rajshahi Central Library, University of Rajshahi Documentation Section 14/08/1994 Controller of Exam. R.U   BTHE 891.44309 SUB 1993 D1753 24/10/2022 C-1 Theses